[Event "Superettan(Rock,Sthlm II-SS4Springare)"]
[Site "?"]
[Date "2021.12.04"]
[Round "1"]
[White "Sandbom, Jonas"]
[Black "Jakenberg, Jussi"]
[Result "1/2-1/2"]
[WhiteElo "2102"]
[BlackElo "2129"]
[PlyCount "91"]

1. e4 e5 2. Nf3 Nc6 3. Nc3 Nf6 4. d4 exd4 5. Nxd4 Bb4 6. Nxc6 bxc6 7. Bd3 d5 8.
exd5 O-O 9. O-O Bg4 10. f3 Bh5 11. Bg5 Bxc3 12. bxc3 cxd5 13. Qd2 Qd6 14. Qf4
Qc6 15. Bxf6 Qxf6 16. Qxf6 gxf6 17. Rab1 Rab8 18. Rfe1 Bg6 19. f4 Bxd3 20. cxd3
Rb6 21. Rb3 Rfb8 22. Reb1 f5 23. Kf2 Kg7 24. d4 Re8 25. Rxb6 axb6 26. Rb5 Rd8
27. a4 Kf6 28. a5 bxa5 29. Rxa5 Rd6 30. Rc5 c6 31. Ra5 Rd7 32. Ra6 Rc7 33. Ke3
Ke7 34. h3 Kd7 35. Ra8 Kd6 36. Rd8+ Rd7 37. Rh8 f6 38. Rf8 Ke7 39. Rc8 Kd6 40.
Rf8 Ke7 41. Rh8 Kd6 42. g4 fxg4 43. hxg4 Rg7 44. Kf3 Ra7 45. Rd8+ Ke7 46. Rh8
1/2-1/2

[Event "Superettan(Orgryte-Farsta)"]
[Site "?"]
[Date "2021.12.04"]
[Round "1"]
[White "Hjelm, Niclas"]
[Black "Eksmyr, Johan"]
[Result "1/2-1/2"]
[WhiteElo "2267"]
[BlackElo "2169"]
[PlyCount "61"]

1. d4 Nf6 2. Nf3 g6 3. c4 Bg7 4. Nc3 d5 5. Bg5 Ne4 6. Bf4 c5 7. Nxd5 Na6 8.
Qa4+ Bd7 9. Qa3 cxd4 10. Be5 Bxe5 11. Nxe5 e6 12. Nb4 Qf6 13. Ned3 O-O 14. Nxa6
bxa6 15. g3 Rac8 16. Bg2 Bc6 17. O-O Nd2 18. Rfd1 Nxc4 19. Qxa6 Bxg2 20. Kxg2
Qe7 21. Rac1 Nb6 22. Ne5 Qd6 23. Rxc8 Rxc8 24. Qxa7 Qxe5 25. Qxb6 Rb8 26. Qxd4
Qxd4 27. Rxd4 Rxb2 28. Kf3 Rxa2 29. h4 h5 30. Rd7 Kg7 31. Rb7 1/2-1/2

[Event "Superettan(Burgsvik-Schack 08)"]
[Site "?"]
[Date "2021.12.04"]
[Round "1"]
[White "Bjorkeroth, Johan"]
[Black "Andersson, Bjorn"]
[Result "1-0"]
[WhiteElo "2124"]
[BlackElo "2121"]
[PlyCount "43"]

1. Nf3 c5 2. c4 Nc6 3. g3 d6 4. Bg2 g6 5. d4 cxd4 6. Nxd4 Bd7 7. Nc3 Bg7 8. Be3
Qc8 9. Nd5 Rb8 10. Nb5 Bh3 11. Nxe7 Ngxe7 12. Nxd6+ Kf8 13. Nxc8 Bxg2 14. Nxe7
Kxe7 15. Bc5+ Ke8 16. Rg1 Bh3 17. Qb3 Be6 18. Rd1 b5 19. Rd6 bxc4 20. Qa4 Bd7
21. Rxc6 c3 22. Qe4+ 1-0

[Event "Superettan(Rock,Sthlm II-SS4Springare)"]
[Site "?"]
[Date "2021.12.04"]
[Round "1"]
[White "Mattsson, Michael"]
[Black "Todorovic, Zoran"]
[Result "1/2-1/2"]
[WhiteElo "2037"]
[BlackElo "2021"]
[PlyCount "127"]

1. e4 c5 2. Nf3 d6 3. d4 cxd4 4. Qxd4 Nc6 5. Bb5 Bd7 6. Bxc6 Bxc6 7. Nc3 Nf6 8.
Bg5 e6 9. O-O-O Be7 10. Qd3 O-O 11. Nd4 d5 12. e5 Nd7 13. Bxe7 Qxe7 14. Qe3 Nb6
15. b3 Qa3+ 16. Kd2 Rac8 17. f4 Qb4 18. Ke2 Nd7 19. a3 Qxa3 20. Rhf1 Qe7 21.
Kf2 f6 22. exf6 Rxf6 23. Kg1 Qc5 24. Rd3 Re8 25. Nce2 Qd6 26. Nxc6 Qxc6 27. Rc3
Qb6 28. Qxb6 Nxb6 29. Ra1 a6 30. Ra5 e5 31. g3 Rd6 32. Rc7 exf4 33. Nxf4 g5 34.
Nd3 Re2 35. Rxb7 Rxc2 36. Rxa6 Rc3 37. Nb4 Nc8 38. Rxd6 Nxd6 39. Rb8+ Kf7 40.
Nxd5 Rd3 41. Nc7 g4 42. Rb4 h5 43. Rf4+ Kg6 44. b4 Rb3 45. Nd5 Nf5 46. Re4 Rb2
47. Nf4+ Kg5 48. Nd5 Rd2 49. Re5 Kg6 50. Nf4+ Kf6 51. Re6+ Kf7 52. Re2 Rd1+ 53.
Kf2 Rb1 54. Nd3 Rb3 55. Ne5+ Kf6 56. Nc6 Rb1 57. Re1 Rb2+ 58. Re2 Rb1 59. Rd2
Rh1 60. Kg2 Rc1 61. b5 Rb1 62. Na7 Ke5 63. Kf2 Nd4 64. Nc6+ 1/2-1/2

[Event "Superettan(Orgryte-Farsta)"]
[Site "?"]
[Date "2021.12.04"]
[Round "1"]
[White "Kumar, Rahul"]
[Black "Lagerborg, Krister"]
[Result "1-0"]
[WhiteElo "2167"]
[BlackElo "2137"]
[PlyCount "85"]

1. d4 Nf6 2. Bf4 g6 3. Nc3 Bg7 4. Qd2 h6 5. e4 d6 6. f3 c6 7. Bc4 b5 8. Bb3 a5
9. a4 b4 10. Nd1 Ba6 11. Ne2 Nbd7 12. g4 e5 13. dxe5 Nxe5 14. O-O Qc7 15. Ne3
Rd8 16. Kg2 h5 17. h3 Nfd7 18. Bg5 f6 19. f4 fxg5 20. fxe5 Nxe5 21. Nd4 Qe7 22.
Rf2 Rd7 23. Ne6 hxg4 24. hxg4 Rh4 25. Kg3 Nc4 26. Nxg7+ Qxg7 27. Nxc4 Bxc4 28.
Qxg5 Rh8 29. Bxc4 Qh7 30. Kf3 Rf8+ 31. Ke2 Rxf2+ 32. Kxf2 Qh2+ 33. Ke3 d5 34.
Qxg6+ Kd8 35. Qf6+ Re7 36. Bd3 Qg3+ 37. Qf3 Qe5 38. Qf8+ Re8 39. Qf4 d4+ 40.
Kf3 Qe6 41. Rh1 Qe7 42. Rh7 Qxh7 43. Qb8+ 1-0

[Event "Superettan(Burgsvik-Schack 08)"]
[Site "?"]
[Date "2021.12.04"]
[Round "1"]
[White "Tuvesson, Mats"]
[Black "Lofgren, Tomas"]
[Result "1/2-1/2"]
[WhiteElo "2082"]
[BlackElo "1878"]
[PlyCount "48"]

1. d4 d5 2. Nf3 Nf6 3. c4 e6 4. Nc3 Be7 5. Bg5 O-O 6. e3 h6 7. Bh4 c5 8. cxd5
exd5 9. Be2 Nc6 10. O-O Be6 11. Rc1 cxd4 12. Nxd4 Rc8 13. Nxe6 fxe6 14. Qb3 Qd7
15. Rfd1 Bd6 16. Nb5 Bb8 17. Bg3 Bxg3 18. hxg3 a6 19. Nd4 Nxd4 20. exd4 Rxc1
21. Rxc1 Ne4 22. Bf3 Nd2 23. Qe3 Nxf3+ 24. gxf3 Rc8 1/2-1/2

[Event "Superettan(Rock,Sthlm II-SS4Springare)"]
[Site "?"]
[Date "2021.12.04"]
[Round "1"]
[White "Narva, David"]
[Black "Zaritovskaja, Margo"]
[Result "1-0"]
[WhiteElo "2044"]
[BlackElo "2040"]
[PlyCount "63"]
[EventDate "2021.??.??"]

1. e4 c5 2. Nf3 d6 3. Bc4 e6 4. c3 Nf6 5. d3 Be7 6. Bb3 O-O 7. O-O Qc7 8. a4
Nc6 9. Re1 b6 10. Nbd2 Bb7 11. Nf1 a6 12. Ng3 b5 13. Bg5 Nd7 14. Bf4 Nce5 15.
d4 Ng6 16. Bg5 Rae8 17. h4 Qd8 18. Bxe7 Qxe7 19. axb5 Nxh4 20. Nxh4 Qxh4 21.
bxa6 Ba8 22. Ba4 Nf6 23. Bxe8 Rxe8 24. dxc5 dxc5 25. Ra5 Ng4 26. Rxc5 Rd8 27.
Qf3 f5 28. Qf4 Qh2+ 29. Kf1 Bxe4 30. Rxe4 fxe4 31. Qxg4 Qh6 32. Qg5 1-0

[Event "Superettan(Rock,Sthlm II-SS4Springare)"]
[Site "?"]
[Date "2021.12.04"]
[Round "1"]
[White "Poley, Maksim"]
[Black "Hanoman, Tony"]
[Result "1-0"]
[WhiteElo "1331"]
[BlackElo "2010"]
[PlyCount "68"]

1. d4 Nf6 2. Bf4 g6 3. Nc3 Bg7 4. e4 d6 5. Qd2 Nc6 6. Bb5 O-O 7. Bxc6 bxc6 8.
Nge2 Rb8 9. b3 Bb7 10. f3 Re8 11. O-O-O Nd7 12. Bh6 Bh8 13. h4 c5 14. h5 cxd4
15. hxg6 fxg6 16. Nxd4 e6 17. Rh3 Qf6 18. Nde2 Ba6 19. Bg5 Qe5 20. f4 Qa5 21.
Rdh1 Nf8 22. Na4 Qxd2+ 23. Kxd2 Bb5 24. Nac3 Bd7 25. Rh4 Bc6 26. R1h3 Bd7 27.
g4 c5 28. Ng3 Bc6 29. f5 exf5 30. gxf5 Be5 31. Nd5 Bxd5 32. exd5 Rb7 33. f6 h5
34. Ne4 Nh7 1-0

[Event "Superettan(Burgsvik-Schack 08)"]
[Site "?"]
[Date "2021.12.04"]
[Round "1"]
[White "Fraenkel, Mikael"]
[Black "Wiklund, Johan"]
[Result "1/2-1/2"]
[WhiteElo "2009"]
[BlackElo "1920"]
[PlyCount "86"]

1. e4 e6 2. d4 d5 3. exd5 exd5 4. Bd3 Bd6 5. h3 Nc6 6. Nf3 Nge7 7. O-O Nb4 8.
Be2 Bf5 9. Na3 a6 10. c3 Nbc6 11. c4 b6 12. Nc2 O-O 13. b3 h6 14. Ne3 Be4 15.
Bb2 Re8 16. Nd2 Bh7 17. Bf3 Nb4 18. Bc3 c6 19. a3 Nd3 20. g3 Nf5 21. Nxf5 Bxf5
22. Bg2 Rc8 23. Nf3 Qd7 24. Kh2 Re7 25. Ne1 Nxe1 26. Rxe1 Rce8 27. Rxe7 Rxe7
28. Qd2 Be4 29. a4 Qf5 30. Re1 Kh7 31. Re3 Bxg2 32. Kxg2 Rxe3 33. Qxe3 Qc2 34.
cxd5 cxd5 35. Bd2 Ba3 36. g4 Bb2 37. Kf3 Qd1+ 38. Kf4 Qc2 39. Kf3 Qb1 40. Ke2
Qa1 41. Qd3+ g6 42. Be3 Bc3 43. Qd1 Qb2+ 1/2-1/2

[Event "Superettan(Helsingborg-Kristallen)"]
[Site "?"]
[Date "2021.12.04"]
[Round "1"]
[White "Lindh, Fredrik"]
[Black "Semcesen, Daniel"]
[Result "1/2-1/2"]
[WhiteElo "2297"]
[BlackElo "2475"]
[PlyCount "77"]

1. e4 e5 2. Nf3 Nc6 3. Bb5 a6 4. Ba4 Nf6 5. O-O Be7 6. Re1 b5 7. Bb3 d6 8. c3
O-O 9. h3 Re8 10. d4 h6 11. Nbd2 Bf8 12. a3 Na5 13. Bc2 c5 14. b4 Nc6 15. d5
Na7 16. bxc5 dxc5 17. c4 Bd7 18. Bb2 Bd6 19. cxb5 axb5 20. a4 Qc7 21. axb5 Nxb5
22. Nc4 Nd4 23. Nxd4 cxd4 24. Rxa8 Rxa8 25. Nxd6 Qxd6 26. Bxd4 exd4 27. e5 Qb6
28. exf6 Qxf6 29. Be4 g6 30. Qc1 Kg7 31. Qd2 Ra4 32. Rb1 Bf5 33. Qc2 Bxe4 34.
Qxe4 Ra2 35. f4 d3 36. Qxd3 Qxf4 37. Rf1 Rd2 38. Qxg6+ fxg6 39. Rxf4 1/2-1/2

[Event "Superettan(Upsala-Rockaden, Umea)"]
[Site "?"]
[Date "2021.12.04"]
[Round "1"]
[White "Nygren, David"]
[Black "Burwick, Malte"]
[Result "1/2-1/2"]
[WhiteElo "2211"]
[BlackElo "2230"]
[PlyCount "104"]

1. e4 g6 2. d4 Bg7 3. Nc3 d6 4. Be3 a6 5. Nf3 b5 6. Qd2 Nd7 7. a4 b4 8. Nd1
Ngf6 9. e5 dxe5 10. dxe5 Ng4 11. e6 fxe6 12. Ng5 Nde5 13. Qxb4 Nxe3 14. Nxe3
O-O 15. Rd1 Qe8 16. Be2 h6 17. Nf3 Nc6 18. Qa3 a5 19. O-O Ba6 20. Bxa6 Rxa6 21.
Nc4 g5 22. Qc5 Rf5 23. Qe3 Nb4 24. Qb3 Nd5 25. Nd4 Bxd4 26. Rxd4 Nf4 27. Re1
Qa8 28. f3 Qa7 29. Qe3 Nd5 30. Qf2 Rc6 31. b3 Qc5 32. Ne5 Rd6 33. Ng4 Rf4 34.
Rde4 Qxf2+ 35. Nxf2 Rxe4 36. Nxe4 Rc6 37. c4 Nf4 38. Re3 Kf7 39. g3 Ng6 40. Kf2
Ke8 41. Nc3 Rb6 42. Nb5 c5 43. Re4 Kf7 44. Re3 Rb7 45. Rd3 Ke8 46. Ke2 Rb8 47.
Ke3 Rb7 48. Ke4 Rd7 49. Rxd7 Kxd7 50. f4 gxf4 51. gxf4 Nh4 52. Na3 Nf5 1/2-1/2

[Event "Superettan(Helsingborg-Kristallen)"]
[Site "?"]
[Date "2021.12.04"]
[Round "1"]
[White "Kristensen, Kare Hove"]
[Black "Subramanian, Aditya"]
[Result "1/2-1/2"]
[WhiteElo "2345"]
[BlackElo "2181"]
[PlyCount "88"]
[EventDate "2021.??.??"]

1. Nf3 d5 2. d4 Nf6 3. g3 e6 4. Bg2 Be7 5. O-O O-O 6. c4 dxc4 7. Ne5 c5 8. dxc5
Qc7 9. Nxc4 Qxc5 10. b3 Rd8 11. Qc2 Qc7 12. Bf4 Qc5 13. Nc3 Nc6 14. Rfd1 Bd7
15. Rac1 Be8 16. Ne4 Nxe4 17. Bxe4 h6 18. Bd6 Bxd6 19. Nxd6 Qb6 20. Nxe8 Rxd1+
21. Qxd1 Rxe8 22. Bxc6 bxc6 23. Qd7 Rd8 24. Qxc6 Rd2 25. Qxb6 axb6 26. Rc8+ Kh7
27. Rb8 Rxa2 28. Kf1 g5 29. g4 Kg6 30. Rxb6 h5 31. h3 h4 32. e3 Rb2 33. b4 Kf6
34. Rb7 Kg6 35. b5 f5 36. gxf5+ exf5 37. Kg2 g4 38. hxg4 fxg4 39. Rb6+ Kg5 40.
Rb8 g3 41. Rg8+ Kh5 42. Rh8+ Kg5 43. Rg8+ Kh5 44. Rh8+ Kg5 1/2-1/2

[Event "Superettan(Upsala-Rockaden, Umea)"]
[Site "?"]
[Date "2021.12.04"]
[Round "1"]
[White "Johansson, Jan"]
[Black "Malmstig, Erik"]
[Result "1-0"]
[WhiteElo "2288"]
[BlackElo "2172"]
[PlyCount "69"]

1. d4 Nf6 2. Nf3 e6 3. c4 b6 4. Nc3 Bb7 5. Bg5 Bb4 6. e3 h6 7. Bh4 O-O 8. Bd3
d5 9. cxd5 exd5 10. Ne5 Be7 11. O-O Nbd7 12. f4 Ne8 13. Be1 Nd6 14. Rc1 c5 15.
Ne2 Nxe5 16. fxe5 Ne4 17. Nf4 Bg5 18. Qf3 Rc8 19. Rd1 c4 20. Bxe4 dxe4 21. Qg3
a5 22. Nh5 c3 23. Bxc3 Rc6 24. h4 Bxe3+ 25. Qxe3 Qxh4 26. Ng3 Qg4 27. Nf5 Kh7
28. Qf4 Rg6 29. Qxg4 Rxg4 30. d5 Ba6 31. Rf2 Rd8 32. Ne3 Rg3 33. Bd4 Kg6 34.
Rc1 Bb7 35. Bxb6 1-0

[Event "Superettan(Helsingborg-Kristallen)"]
[Site "?"]
[Date "2021.12.04"]
[Round "1"]
[White "Walinder, Lars"]
[Black "Sylvan, Jacob"]
[Result "0-1"]
[WhiteElo "2254"]
[BlackElo "2306"]
[PlyCount "50"]

1. c4 e5 2. Nc3 Nf6 3. Nf3 Nc6 4. e3 d5 5. cxd5 Nxd5 6. Bb5 Nxc3 7. bxc3 Bd6 8.
d4 e4 9. Nd2 Qg5 10. Bf1 Qg6 11. Qc2 Bf5 12. h4 h5 13. g3 O-O 14. Bg2 Rfe8 15.
Rb1 Bxg3 16. fxg3 Qxg3+ 17. Kf1 Re6 18. Nb3 Rf6 19. Kg1 Qe1+ 20. Kh2 Qxh4+ 21.
Kg1 Qg5 22. Qf2 Bh3 23. Qe2 Bxg2 24. Qxg2 Qf5 25. Rh3 h4 0-1

[Event "Superettan(Upsala-Rockaden, Umea)"]
[Site "?"]
[Date "2021.12.04"]
[Round "1"]
[White "Eriksson, Jorgen"]
[Black "Kashebayev, Azamat"]
[Result "1-0"]
[WhiteElo "2195"]
[BlackElo "2190"]
[PlyCount "105"]

1. d4 Nf6 2. Bg5 g6 3. Bxf6 exf6 4. e3 Bg7 5. g3 O-O 6. Bg2 d5 7. Ne2 h5 8. h3
f5 9. h4 c6 10. Nd2 Re8 11. O-O Nd7 12. c4 dxc4 13. Nxc4 Nf6 14. Qc2 Bh6 15.
Rfe1 Ng4 16. Nf4 Bxf4 17. exf4 Be6 18. Rad1 Bxc4 19. Qxc4 Qb6 20. b3 Rad8 21.
Rxe8+ Rxe8 22. Bf3 Rd8 23. Kg2 Nf6 24. Kg1 Nd5 25. Qc5 Nb4 26. a3 Qxc5 27. dxc5
Rxd1+ 28. Bxd1 Nd3 29. b4 a5 30. Be2 Ne1 31. bxa5 Nc2 32. a4 Nd4 33. Bc4 Nf3+
34. Kg2 Nd2 35. a6 bxa6 36. Bxa6 Nb3 37. Bc4 Na5 38. Ba2 Kf8 39. Kf3 Nb7 40.
Ke3 Nxc5 41. a5 Ke7 42. Bc4 Nd7 43. a6 Nb6 44. Kd4 Kd6 45. Bxf7 c5+ 46. Kd3 Kc6
47. Bxg6 Nd5 48. Bxh5 Nb4+ 49. Kc4 Nxa6 50. Bg6 Nc7 51. h5 Nd5 52. h6 Ne7 53.
Bf7 1-0

[Event "Superettan(Helsingborg-Kristallen)"]
[Site "?"]
[Date "2021.12.04"]
[Round "1"]
[White "Nilsson Hask, Patrik"]
[Black "Andersson, Goran L"]
[Result "1/2-1/2"]
[WhiteElo "2209"]
[BlackElo "2256"]
[PlyCount "89"]
[EventDate "2021.??.??"]

1. d4 d5 2. Bf4 c5 3. e3 Nc6 4. Nf3 Nf6 5. Nbd2 e6 6. c3 cxd4 7. exd4 Nh5 8.
Be3 Bd6 9. Ne5 g6 10. Nd3 f5 11. g3 f4 12. gxf4 O-O 13. Ne5 Nxf4 14. Ndf3 Qc7
15. Nxc6 bxc6 16. Qd2 e5 17. dxe5 Bxe5 18. Nxe5 Qxe5 19. O-O-O Qe4 20. f3 Qxf3
21. Rg1 a5 22. Qd4 Qe4 23. Qxe4 dxe4 24. Rd6 Nd3+ 25. Bxd3 exd3 26. Rxc6 Bf5
27. Rc7 Rf7 28. Rxf7 Kxf7 29. Kd2 a4 30. Re1 Rb8 31. Kc1 Bg4 32. Rf1+ Bf5 33.
Rf4 Re8 34. Kd2 Rb8 35. Kc1 Re8 36. Kd2 Rb8 37. Rb4 Rxb4 38. cxb4 Ke8 39. Kc3
Kd7 40. b3 axb3 41. a4 Be6 42. Kxd3 b2 43. Kc2 Bb3+ 44. Kxb2 Bxa4 45. Kc3
1/2-1/2